The Mandalorian Season 2 Characters Quiz - Statistics

General Stats
  • This quiz has been taken 247 times
  • The average score is 15 of 28
Answer Stats
Appearances Hint Answer % Correct
9,10,11,12,13,14,16 50 year old infant Grogu
99%
9,10,11,12,13,14,15,16 Main character Mandalorian/ Din Djarin
96%
9,14,15,16 One of the best bounty hunters in the galaxy Boba Fett
90%
11,12,14,15,16 Owner of the Darksaber Moff Gideon
89%
13 Anakin’s Padawan Ahsoka Tano
87%
11,16 Rightful leader of Mandalore Bo Katan Kryze
86%
12,14,15,16 New Republic Marshal Cara Dune
85%
16 Jedi Luke Skywalker
83%
14,15,16 Mercenary saved by Boba Fett Fennec Shand
75%
12 Magistrate of Nevarro Greef Karga
72%
16 Astromech droid R2D2
71%
16 Owner of Jabba’s palace on Tatooine Bib Fortuna
66%
9 Marshal of Mos Pelgo Cobb Vanth
64%
15 Ex-Imperial sharpshooter Mayfeld
55%
12,16 Imperial scientist Dr Pershing
51%
9,10 Mechanic on Tatooine Peli Motto
49%
10,11 Escorted to Trask by Din Frog Lady
48%
10 New Republic X-Wing Pilot Trapper Wolf
32%
11,16 Mandalorian warrior Koska Reeves
31%
9,10 Droid sold to the Lars R5D4
30%
11 Mandalorian warrior Axe Woves
29%
10 Used by Frog Lady to communicate Zero
29%
12 Becomes book keeper for Greef Mythrol
25%
13 Imperial magistrate of Calidan Morgan Elsbeth
21%
10,12 New Republic X-Wing Pilot Carson Teva
19%
9 Gangster after Din’s armour Gor Koresh
16%
15 Imperial officer shot by Mayfeld Valin Hess
14%
13 Imperial lieutenant of Calidan Lang
12%
No matching quizzes found
Score Distribution
Percent of People with Each Score
Percentile by Number Answered
Your Score History
You have not taken this quiz